<?xml version="1.0" encoding="UTF-8"?><?xml-stylesheet type="text/xsl" href="static/style.xsl"?><OAI-PMH xmlns="http://www.openarchives.org/OAI/2.0/" xmlns:xsi="http://www.w3.org/2001/XMLSchema-instance" xsi:schemaLocation="http://www.openarchives.org/OAI/2.0/ http://www.openarchives.org/OAI/2.0/OAI-PMH.xsd"><responseDate>2026-06-01T02:06:41Z</responseDate><request verb="GetRecord" identifier="oai:riuma.uma.es:10630/17472" metadataPrefix="marc">https://riuma.uma.es/rest/oai/request</request><GetRecord><record><header><identifier>oai:riuma.uma.es:10630/17472</identifier><datestamp>2026-02-03T12:15:13Z</datestamp><setSpec>com_10630_2254</setSpec><setSpec>col_10630_37959</setSpec></header><metadata><record xmlns="http://www.loc.gov/MARC21/slim" xmlns:dcterms="http://purl.org/dc/terms/" xmlns:doc="http://www.lyncode.com/xoai" xmlns:xsi="http://www.w3.org/2001/XMLSchema-instance" xsi:schemaLocation="http://www.loc.gov/MARC21/slim http://www.loc.gov/standards/marcxml/schema/MARC21slim.xsd">
   <leader>00925njm 22002777a 4500</leader>
   <datafield ind2=" " ind1=" " tag="042">
      <subfield code="a">dc</subfield>
   </datafield>
   <datafield ind2=" " ind1=" " tag="720">
      <subfield code="a">Calleja-Reina, Marina</subfield>
      <subfield code="e">author</subfield>
   </datafield>
   <datafield ind2=" " ind1=" " tag="260">
      <subfield code="c">2019-03-29</subfield>
   </datafield>
   <datafield ind2=" " ind1=" " tag="520">
      <subfield code="a">Las personas con Discapacidad Intelectual Profunda suelen presentar necesidades complejas de comunicación (NCC). Es decir, no pueden llevar a cabo intercambios comunicativos mediante los canales habituales (habla, signos manuales con valor lingüísticos,...). De ahí que para poder intervenir con dicha población sea necesario recurrir a los Sistemas de Comunicación Aumentativa y Alternativa.&#xd;
La irrupción de la tecnología ipad en la población con NCC tiene entre otras  muchas ventajas que son portátiles, son accesibles, se pueden emplear en numerosos contextos, los dispositivos en los que se descargan son baratos, las baterías disponen gran autonomía, no son estigmatizantes y en las áreas de descargas existen numerosas aplicaciones (muchas de las cuales son gratuitas o de muy bajo coste) (Stephenson &amp; Limbrick, 2013; Calleja, 2018). Pero las tecnologías de alto nivel tecnológicos destinadas a la CAA+a cuentan también con inconvenientes. Muchas de estas aplicaciones no han sido diseñadas para una población específica. De hecho, en numerosas ocasiones los destinatarios han sido niños con desarrollo normotípico. Y algunas acciones simples como pinchar, deslizar, doble click son tareas imposibles cuando se cuenta con habilidades motrices limitadas o nulas.</subfield>
   </datafield>
   <datafield ind1="8" ind2=" " tag="024">
      <subfield code="a">https://hdl.handle.net/10630/17472</subfield>
   </datafield>
   <datafield tag="653" ind2=" " ind1=" ">
      <subfield code="a">Discapacidad intelectual</subfield>
   </datafield>
   <datafield ind2="0" ind1="0" tag="245">
      <subfield code="a">Intervención con sistemas de CAA de alto nivel tecnológico atendiendo al perfil comunicativo del usuario</subfield>
   </datafield>
</record>
</metadata></record></GetRecord></OAI-PMH>